[Event "FB22 2324 SV Medizin Erfurt - SV Mülhei"]
[Site "?"]
[Date "2023.10.14"]
[Round "1.1"]
[White "Rudolph, Anna"]
[Black "Nguyen, Ha Thanh"]
[Result "1-0"]
[WhiteElo "2194"]
[BlackElo "1967"]
[PlyCount "57"]
[EventDate "2023.??.??"]

1. e4 c5 2. d4 cxd4 3. c3 dxc3 4. Nxc3 e6 5. Nf3 a6 6. Bc4 b5 7. Bb3 Bb7 8. a3 d6 9. O-O Be7 10. Qe2 Nd7 11. Rd1 Ngf6 12. Bf4 Nc5 13. Bc2 Qc7 14. e5 dxe5 15. Nxe5 Qc8 16. Rac1 Ncd7 17. Nxd7 Nxd7 18. Ne4 Bc6 19. Nd6+ Bxd6 20. Rxd6 Qb7 21. Rxc6 Qxc6 22. Be4 Qb6 23. Bxa8 O-O 24. Bf3 Nf6 25. h3 Nd5 26. Bxd5 exd5 27. Qe7 h6 28. Bd6 Rd8 29. Rc7 1-0

[Event "FB22 2324 SV Medizin Erfurt - SV Mülhei"]
[Site "?"]
[Date "2023.10.14"]
[Round "1.3"]
[White "Limbourg, Marina"]
[Black "Mueller-Ludwig, Kristin"]
[Result "0-1"]
[WhiteElo "2023"]
[BlackElo "2000"]
[PlyCount "76"]
[EventDate "2023.??.??"]

1. e4 e6 2. d4 d5 3. Nc3 Bb4 4. Bd3 dxe4 5. Bxe4 Nf6 6. Bd3 O-O 7. Bg5 h6 8. Bh4 c5 9. dxc5 Nbd7 10. c6 Nc5 11. Qf3 bxc6 12. O-O-O Qe7 13. Ne4 Ncxe4 14. Bxe4 Bb7 15. Nh3 Rfd8 16. Bd3 Bc5 17. c3 Rab8 18. Nf4 g5 19. Nh5 Nxh5 20. Qxh5 Qf6 21. Bg3 Rbc8 22. Rhe1 Rd5 23. Qe2 Rcd8 24. c4 R5d7 25. Be5 Qxf2 26. Kc2 Qxe2+ 27. Rxe2 Bd4 28. h4 Bc8 29. hxg5 hxg5 30. Bxd4 Rxd4 31. Kc3 Kg7 32. Re5 f6 33. Rc5 R4d6 34. b4 e5 35. Kc2 Rxd3 36. Rxd3 Bf5 37. Rxc6 Rxd3 38. Kb2 Rd7 0-1

[Event "FB22 2324 SV Medizin Erfurt - SV Mülhei"]
[Site "?"]
[Date "2023.10.14"]
[Round "1.4"]
[White "Umpfenbach, Carolin"]
[Black "Kinzel, Tiffany"]
[Result "1-0"]
[WhiteElo "2036"]
[BlackElo "1784"]
[PlyCount "111"]
[EventDate "2023.??.??"]

1. d4 f5 2. c4 Nf6 3. Nf3 e6 4. g3 b6 5. Bg2 Bb7 6. O-O d5 7. Nbd2 Bd6 8. Qc2 Ne4 9. b3 O-O 10. Ne5 Nd7 11. Nxd7 Qxd7 12. Nxe4 fxe4 13. f3 exf3 14. Bxf3 c5 15. Bb2 Rac8 16. cxd5 cxd4 17. Qd3 e5 18. Be4 Bc5 19. Bxh7+ Kh8 20. Be4 Bxd5 21. Bxd5 Qxd5 22. e4 Qd6 23. Kg2 a5 24. Rxf8+ Rxf8 25. Rf1 Rxf1 26. Kxf1 Qf6+ 27. Kg2 Kh7 28. Bc1 Be7 29. Bd2 g6 30. Qb5 Qe6 31. Qe8 Qf6 32. h4 Qf8 33. Qxf8 Bxf8 34. Bg5 Bh6 35. Bf6 Be3 36. Bxe5 b5 37. a4 bxa4 38. bxa4 d3 39. Kf3 Bb6 40. Bc3 Kg8 41. e5 Kf7 42. Ke4 Bf2 43. g4 Bxh4 44. Bxa5 Bd8 45. Bc3 Ke6 46. Kxd3 Kd5 47. Bd4 Ba5 48. Ke3 Bd8 49. Bc3 Bg5+ 50. Kf3 Bd8 51. Kf4 Kc4 52. a5 Kb5 53. e6 Be7 54. Ke5 Ka6 55. Bb4 Bxb4 56. Kf6 1-0

[Event "FB22 2324 SV Medizin Erfurt - SV Mülhei"]
[Site "?"]
[Date "2023.10.14"]
[Round "1.5"]
[White "Lebioda-Dette, Kordula"]
[Black "Hannes, Diana"]
[Result "1/2-1/2"]
[WhiteElo "1696"]
[BlackElo "2094"]
[PlyCount "91"]
[EventDate "2023.??.??"]

1. e4 c5 2. Nf3 Nc6 3. c3 d5 4. exd5 Qxd5 5. Be2 e5 6. O-O e4 7. Ne1 Bd6 8. d3 Bf5 9. dxe4 Qxd1 10. Bxd1 Bxe4 11. Bf3 Bxf3 12. Nxf3 Nge7 13. Nbd2 Bc7 14. Ne4 b6 15. Be3 O-O 16. Rad1 Rfd8 17. g3 Rxd1 18. Rxd1 Rd8 19. Rxd8+ Nxd8 20. Kf1 Nd5 21. Ke2 Nc6 22. h4 Nxe3 23. Kxe3 Ne7 24. Ne1 h6 25. Nc2 f5 26. Nd2 f4+ 27. Kf3 fxg3 28. fxg3 Nf5 29. Ne4 Kf7 30. Ne3 Nxe3 31. Kxe3 h5 32. Kf3 Ke6 33. g4 hxg4+ 34. Kxg4 Bd8 35. h5 Be7 36. Ng3 Bf6 37. Ne4 Be5 38. Ng5+ Kf6 39. Nf3 Bd6 40. Nd2 Be7 41. Nf3 b5 42. Nd2 Ke5 43. Nf3+ Ke4 44. Ng5+ Ke5 45. Nf3+ Kf6 46. Nd2 1/2-1/2

[Event "FB22 2324 SV Medizin Erfurt - SV Mülhei"]
[Site "?"]
[Date "2023.10.14"]
[Round "1.6"]
[White "Ulrich, Helena Irene"]
[Black "Cipkis, Swetlana"]
[Result "1-0"]
[WhiteElo "1569"]
[BlackElo "1683"]
[PlyCount "39"]
[EventDate "2023.??.??"]

1. e4 c6 2. d4 d5 3. exd5 cxd5 4. Bd3 Nf6 5. c3 e6 6. Bf4 Qb6 7. Qc2 Be7 8. Nf3 Nc6 9. O-O h6 10. Nbd2 Bd7 11. Ne5 Rc8 12. Nxd7 Nxd7 13. Qb3 O-O 14. Rfe1 a6 15. Rab1 Qa7 16. Qd1 b5 17. a3 Qb6 18. Re3 e5 19. Bxh6 Nxd4 20. Bxg7 1-0

[Event "FB22 2324 SV Hemer 1932 - SV Sterkrade-N"]
[Site "?"]
[Date "2023.10.14"]
[Round "1.2"]
[White "Voicu-Jagodzinsky, Carmen"]
[Black "Plass, Mariana-Camelia"]
[Result "1/2-1/2"]
[WhiteElo "2252"]
[BlackElo "2019"]
[PlyCount "58"]
[EventDate "2023.??.??"]

1. e4 c5 2. b3 Nc6 3. Bb2 e5 4. Bc4 Nf6 5. Nc3 a6 6. f4 Bd6 7. f5 b5 8. Bd3 Bb7 9. Nf3 Nd4 10. O-O O-O 11. Re1 Re8 12. h3 Qb6 13. Kh1 Rac8 14. Nh2 c4 15. Bf1 Be7 16. bxc4 bxc4 17. Rb1 Qc6 18. Ng4 Nxg4 19. Qxg4 Nxc2 20. Rec1 Na3 21. Bxa3 Bxa3 22. Re1 Ba8 23. Nd5 Qh6 24. Rb6 Rc6 25. Reb1 Bc5 26. Rb8 Rcc8 27. Rxc8 Rxc8 28. Bxc4 Bxd5 29. Bxd5 Qxd2 1/2-1/2

[Event "FB22 2324 SV Hemer 1932 - SV Sterkrade-N"]
[Site "?"]
[Date "2023.10.14"]
[Round "1.3"]
[White "Bork, Sophie"]
[Black "Cosma, Elena-Luminita"]
[Result "0-1"]
[WhiteElo "1815"]
[BlackElo "2224"]
[PlyCount "98"]
[EventDate "2023.??.??"]

1. e4 e6 2. d4 d5 3. Nd2 c5 4. exd5 exd5 5. Ngf3 Nc6 6. Bb5 cxd4 7. O-O Bd6 8. Re1+ Nge7 9. Nxd4 O-O 10. Nxc6 bxc6 11. Bd3 Ng6 12. Nf3 Qc7 13. c3 c5 14. Bc2 Bb7 15. h3 Rad8 16. Bg5 Rb8 17. Rc1 Bc6 18. b3 Nf4 19. Bxf4 Bxf4 20. Qd3 g6 21. Rb1 Rfd8 22. a4 Bb7 23. Qe2 Bc6 24. Qd3 Bd7 25. Qf1 Be6 26. g3 Bh6 27. Bd3 c4 28. bxc4 dxc4 29. Rxb8 Rxb8 30. Bc2 Rb2 31. Nd4 Bd2 32. Re2 Bxc3 33. Nxe6 fxe6 34. Qd1 Be5 35. Qe1 Bd4 36. Kh2 e5 37. Be4 c3 38. Rc2 Kg7 39. Qe2 Qf7 40. Kg2 Rb4 41. Bc6 Qc7 42. Qf3 Rb6 43. Bb5 Rf6 44. Qd5 Bxf2 45. Bc4 Bd4 46. g4 Rf8 47. Bb3 Qe7 48. Re2 Qh4 49. Qd7+ Kh8 0-1

[Event "FB22 2324 SV Hemer 1932 - SV Sterkrade-N"]
[Site "?"]
[Date "2023.10.14"]
[Round "1.4"]
[White "Kucharska, Honorata"]
[Black "Walker, Julia"]
[Result "1-0"]
[WhiteElo "2197"]
[BlackElo "1802"]
[PlyCount "119"]
[EventDate "2023.??.??"]

1. e4 c5 2. Nf3 Nc6 3. Bb5 g6 4. Bxc6 bxc6 5. O-O Bg7 6. d3 Nh6 7. Nc3 O-O 8. h3 d6 9. Be3 f5 10. Qd2 Nf7 11. Ng5 fxe4 12. dxe4 Ne5 13. Qe2 h6 14. f4 Nf7 15. Nxf7 Rxf7 16. e5 a5 17. Qf3 d5 18. Bxc5 Ba6 19. Rfe1 e6 20. Qg4 Qe8 21. Ne2 Bxe2 22. Rxe2 Rf5 23. Rf2 h5 24. Qe2 Bh6 25. Raf1 Qf7 26. Be3 Qb7 27. g4 hxg4 28. hxg4 Rf7 29. Qd3 Kg7 30. g5 Bxg5 31. fxg5 Rf5 32. Rxf5 gxf5 33. Qd4 Rh8 34. Qa7 Qxa7 35. Bxa7 Rh4 36. Be3 Re4 37. Bf4 Kg6 38. Kg2 a4 39. a3 c5 40. Kf3 c4 41. Rh1 c3 42. bxc3 Rc4 43. Rh6+ Kf7 44. Bd2 Rc6 45. Rh4 Rb6 46. Rxa4 Rb2 47. Ra7+ Kg6 48. Re7 Rb6 49. a4 Ra6 50. a5 Kh5 51. Rf7 Kg6 52. Rf6+ Kg7 53. Be3 Rxa5 54. Rxe6 Ra2 55. Bd4 Rxc2 56. Rf6 Rc1 57. e6 Re1 58. Rxf5+ Kg6 59. Re5 Rf1+ 60. Bf2 1-0

[Event "FB22 2324 SV Hemer 1932 - SV Sterkrade-N"]
[Site "?"]
[Date "2023.10.14"]
[Round "1.5"]
[White "Hiebsch, Catalina"]
[Black "Kulovana, Eva"]
[Result "1/2-1/2"]
[WhiteElo "1821"]
[BlackElo "2180"]
[PlyCount "88"]
[EventDate "2023.??.??"]

1. e4 c6 2. d4 d5 3. e5 c5 4. c3 Nc6 5. Nf3 Bg4 6. Be2 e6 7. Nbd2 cxd4 8. Nxd4 Bxe2 9. Qxe2 Nxd4 10. cxd4 Qb6 11. Nf3 Ne7 12. O-O Nc6 13. Be3 Be7 14. Rac1 O-O 15. Rfd1 Rfc8 16. a3 Na5 17. Rxc8+ Rxc8 18. Rc1 Rxc1+ 19. Bxc1 Qb3 20. Ne1 Qc4 21. Qxc4 dxc4 22. Nc2 b5 23. Kf1 Nc6 24. Ke2 Bd8 25. Ke3 Bb6 26. Ke4 Kf8 27. f4 Ne7 28. g4 Ke8 29. f5 Kd7 30. Bd2 Nd5 31. h4 Bd8 32. g5 Kc6 33. f6 g6 34. Nb4+ Nxb4 35. Bxb4 a5 36. Bf8 Bb6 37. Bd6 Ba7 38. Bf8 Bb8 39. Be7 Bc7 40. Bf8 a4 41. Bb4 Bb6 42. Bc3 Ba7 43. Bb4 Bb6 44. Bc3 Ba7 1/2-1/2

[Event "FB22 2324 Delmenhorster SK - Lübecker S"]
[Site "?"]
[Date "2023.10.14"]
[Round "1.1"]
[White "Sickmann, Lisa"]
[Black "Kickert, Germaine Helene"]
[Result "1-0"]
[WhiteElo "1864"]
[BlackElo "1956"]
[PlyCount "79"]
[EventDate "2023.??.??"]

1. e4 e6 2. d4 d5 3. Bd3 dxe4 4. Bxe4 Nf6 5. Bf3 c5 6. Ne2 Nc6 7. Be3 cxd4 8. Nxd4 Nxd4 9. Bxd4 Be7 10. O-O O-O 11. Nc3 Qc7 12. Qe2 Bd7 13. Rad1 a6 14. Rfe1 Bc6 15. Be5 Qb6 16. Ne4 Nxe4 17. Bxe4 Bxe4 18. Qxe4 Rfd8 19. Qg4 Bf8 20. h4 Qb4 21. Qg5 h6 22. Qf4 Qxf4 23. Bxf4 Rac8 24. c3 Be7 25. h5 Rxd1 26. Rxd1 Rd8 27. Rxd8+ Bxd8 28. Kf1 Kf8 29. Ke2 Ke7 30. Kd3 Kd7 31. c4 Kc6 32. b4 Bf6 33. Ke4 Bc3 34. Be5 Bxe5 35. Kxe5 Kd7 36. a4 Ke7 37. c5 g6 38. hxg6 fxg6 39. b5 g5 40. c6 1-0

[Event "FB22 2324 Delmenhorster SK - Lübecker S"]
[Site "?"]
[Date "2023.10.14"]
[Round "1.2"]
[White "Moeller, Hannah"]
[Black "Kopylov, Luba"]
[Result "1/2-1/2"]
[WhiteElo "1746"]
[BlackElo "1997"]
[PlyCount "111"]
[EventDate "2023.??.??"]

1. Nf3 Nf6 2. g3 g6 3. Bg2 d5 4. O-O Bg7 5. d4 c6 6. c4 Ne4 7. cxd5 cxd5 8. Nc3 Nxc3 9. bxc3 Nd7 10. Qa4 O-O 11. Nd2 Nb6 12. Qb3 Be6 13. Bb2 Qd7 14. a4 Rac8 15. a5 Nc4 16. Nxc4 Rxc4 17. Rfc1 Rfc8 18. Ba3 Qa4 19. Qxa4 Rxa4 20. Bc5 Rc4 21. e3 b6 22. axb6 axb6 23. Bxe7 Bf8 24. Bxf8 Kxf8 25. Ra3 b5 26. Bf1 b4 27. Bxc4 bxa3 28. Ba2 Rb8 29. Ra1 f5 30. f3 Ke7 31. e4 fxe4 32. fxe4 Bh3 33. Bxd5 Rb2 34. e5 Rb5 35. Bc4 Rb2 36. Rxa3 Rg2+ 37. Kh1 Rc2 38. Ra1 Rxc3 39. Bf1 Be6 40. Kg1 h5 41. Ra7+ Kf8 42. Ra1 Ke7 43. Rd1 Bg4 44. Rd2 Re3 45. Bg2 Ke6 46. Kf2 Ra3 47. Be4 g5 48. Bb7 Rc3 49. Ba6 h4 50. Be2 Bxe2 51. Rxe2 Rd3 52. gxh4 gxh4 53. Re4 Rd2+ 54. Kg1 h3 55. Rf4 Rg2+ 56. Kh1 1/2-1/2

[Event "FB22 2324 Delmenhorster SK - Lübecker S"]
[Site "?"]
[Date "2023.10.14"]
[Round "1.3"]
[White "Mundt, Alexandra"]
[Black "Wollscheid, Stefanie"]
[Result "1-0"]
[WhiteElo "1796"]
[BlackElo "1664"]
[PlyCount "109"]
[EventDate "2023.??.??"]

1. e4 c5 2. Nf3 d6 3. d4 cxd4 4. Nxd4 Nc6 5. Nc3 a6 6. Be3 Nf6 7. Be2 Bd7 8. O-O e5 9. Nb3 Be7 10. Bf3 Na5 11. Qe2 Rc8 12. Rad1 Nc4 13. Bc1 b5 14. Nd2 Nxd2 15. Qxd2 Rc5 16. Ne2 Qc8 17. c3 Be6 18. b3 g5 19. Qxg5 Rg8 20. Qd2 Bg4 21. Qd3 Bh3 22. Kh1 Bg4 23. Ba3 Rc6 24. Bb2 Bh5 25. Ng3 Bg6 26. Qe2 Rb6 27. Rc1 Nd7 28. c4 b4 29. Bg4 Qb7 30. Nf5 Bf8 31. Rcd1 h5 32. Bh3 Nc5 33. Rd5 Qb8 34. Rfd1 f6 35. f3 Bf7 36. R5d2 Ne6 37. Qf2 Rc6 38. Qh4 Ng5 39. Bc1 Qb6 40. Re2 Qc5 41. Be3 Qa5 42. Red2 Qc7 43. Rd3 Bg6 44. Bxg5 fxg5 45. Qxg5 Bf7 46. Qd2 Rg6 47. Ne3 Bh6 48. Qxb4 Qa7 49. Nf5 Bf8 50. Nxd6+ Bxd6 51. Rxd6 Rgxd6 52. Rxd6 Rxd6 53. Qxd6 Qf2 54. Bd7+ Kd8 55. Bc6+ 1-0

[Event "FB22 2324 Delmenhorster SK - Lübecker S"]
[Site "?"]
[Date "2023.10.14"]
[Round "1.4"]
[White "Silber, Stefanie"]
[Black "Malinowsky, Celina"]
[Result "1-0"]
[WhiteElo "1570"]
[BlackElo "1525"]
[PlyCount "101"]
[EventDate "2023.??.??"]

1. c4 b6 2. Nc3 Bb7 3. d4 e6 4. e3 Bb4 5. Nf3 Bxc3+ 6. bxc3 f5 7. Bd3 Nf6 8. Ba3 d6 9. c5 O-O 10. Qb3 Bd5 11. c4 Be4 12. Ng5 Qd7 13. Nxe4 fxe4 14. Be2 Na6 15. cxd6 cxd6 16. c5 Nxc5 17. dxc5 bxc5 18. Rb1 Rab8 19. Qxb8 Rxb8 20. Rxb8+ Kf7 21. O-O Qa4 22. Rb7+ Kg6 23. Bb2 d5 24. Rc1 c4 25. Bd1 Qa6 26. Rb4 Qa5 27. Bc3 Qa3 28. Rc2 e5 29. Rb7 d4 30. Bb4 Qa6 31. Rc7 c3 32. Bf8 Ne8 33. Rd7 Qc6 34. Rxa7 d3 35. Rc1 c2 36. Bxc2 dxc2 37. h3 Qb6 38. Ra8 Qb1 39. Ba3 Nf6 40. Rc8 Qxa2 41. Bf8 Qb1 42. R8xc2 Qb3 43. Rc7 Ne8 44. R1c6+ Kh5 45. g4+ Kh4 46. Kg2 h5 47. Rxg7 Nf6 48. Rxf6 Qd1 49. Be7 Qf1+ 50. Kxf1 Kxh3 51. Rh6 1-0

[Event "FB22 2324 Delmenhorster SK - Lübecker S"]
[Site "?"]
[Date "2023.10.14"]
[Round "1.5"]
[White "Boettcher, Elke"]
[Black "Oellrich, Emma"]
[Result "0-1"]
[WhiteElo "1708"]
[BlackElo "1474"]
[PlyCount "38"]
[EventDate "2023.??.??"]

1. d4 Nf6 2. c4 g6 3. Nc3 Bg7 4. Nf3 O-O 5. e3 d6 6. Be2 c5 7. O-O Bf5 8. a3 a5 9. Bd2 Re8 10. Qb3 Qc8 11. Rfd1 e5 12. Be1 exd4 13. exd4 Nc6 14. dxc5 dxc5 15. Bf1 Bg4 16. Nd5 Nxd5 17. Rxd5 Bxf3 18. gxf3 Nd4 19. Qd1 Rxe1 0-1

[Event "FB22 2324 Delmenhorster SK - Lübecker S"]
[Site "?"]
[Date "2023.10.14"]
[Round "1.6"]
[White "Koenig, Emmilie"]
[Black "Malinowsky, Yvonne"]
[Result "1-0"]
[WhiteElo "1516"]
[BlackElo "1168"]
[PlyCount "81"]
[EventDate "2023.??.??"]

1. d4 Nf6 2. Nf3 d5 3. h3 h6 4. Bf4 e6 5. e3 Bd6 6. Ne5 O-O 7. Nd2 Nbd7 8. Bd3 c5 9. c3 c4 10. Bc2 b5 11. O-O Ba6 12. a4 b4 13. Nc6 Qc7 14. Bxd6 Qxd6 15. Nxb4 Rab8 16. e4 Rfe8 17. e5 Nxe5 18. dxe5 Qxe5 19. Nc6 Qg5 20. Nxb8 Rxb8 21. Nf3 Qh5 22. Rb1 Bb7 23. Qd4 a6 24. Qe5 Qxe5 25. Nxe5 a5 26. b3 Ne4 27. Bxe4 dxe4 28. bxc4 f6 29. Nd7 Rc8 30. Rxb7 Rxc4 31. Ra1 Rxc3 32. Rb5 e3 33. fxe3 Rxe3 34. Rxa5 f5 35. Re5 Rg3 36. Rxe6 Kf7 37. Re2 f4 38. Kf2 g5 39. a5 g4 40. hxg4 Rxg4 41. Ne5+ 1-0

[Event "FB22 2324 SK Lehrte - Hamburger SK II"]
[Site "?"]
[Date "2023.10.14"]
[Round "1.1"]
[White "Rogozenco, Ileana"]
[Black "Manusina, Nicole"]
[Result "1-0"]
[WhiteElo "2050"]
[BlackElo "2045"]
[PlyCount "73"]
[EventDate "2023.??.??"]

1. e4 c5 2. Nf3 d6 3. d4 cxd4 4. Nxd4 Nf6 5. Nc3 a6 6. Be2 e6 7. O-O Be7 8. f4 Qc7 9. Be3 O-O 10. Kh1 b5 11. a3 Bb7 12. Bf3 Nbd7 13. Qe1 Nb6 14. Rd1 Rfd8 15. Qg3 d5 16. e5 Ne4 17. Bxe4 dxe4 18. f5 Rxd4 19. Rxd4 exf5 20. Rxf5 g6 21. Rxf7 Nc4 22. Bg5 Qc5 23. Rd7 Kxf7 24. Rxe7+ Qxe7 25. Bxe7 Kxe7 26. Qg5+ Kd7 27. b3 Rf8 28. Kg1 Rf5 29. Qh6 Nxe5 30. Qg7+ Kc8 31. Qxh7 e3 32. Qh3 Bf3 33. gxf3 Nxf3+ 34. Kh1 Ne1 35. Ne2 Kb8 36. Qg3+ Kb7 37. Qxe1 1-0

[Event "FB22 2324 SK Lehrte - Hamburger SK II"]
[Site "?"]
[Date "2023.10.14"]
[Round "1.2"]
[White "Wilmink, Anna"]
[Black "Hubert, Charlotte"]
[Result "0-1"]
[WhiteElo "1794"]
[BlackElo "1850"]
[PlyCount "94"]
[EventDate "2023.??.??"]

1. e4 c5 2. Nf3 d6 3. d4 cxd4 4. Nxd4 Nf6 5. Nc3 a6 6. h4 e5 7. Nf5 d5 8. Qf3 d4 9. Nd5 Nxd5 10. exd5 Bb4+ 11. c3 Bxf5 12. Qxf5 dxc3 13. Qxe5+ Qe7 14. Qxe7+ Kxe7 15. Kd1 cxb2 16. Bxb2 Rd8 17. Bc4 Nd7 18. Bd4 Rac8 19. Rc1 b5 20. Bb3 Nc5 21. Bxc5+ Rxc5 22. Rxc5 Bxc5 23. Re1+ Kd6 24. Re2 a5 25. Bc2 Kxd5 26. Rd2+ Bd4 27. Bb3+ Kc5 28. Bxf7 Rf8 29. Rc2+ Kb4 30. Rd2 Rxf7 31. Rxd4+ Ka3 32. Rd2 b4 33. Kc1 Re7 34. Kd1 a4 35. Rd4 Rb7 36. Rd2 Rc7 37. Rd4 b3 38. axb3 axb3 39. Rd6 b2 40. Ra6+ Kb3 41. Rb6+ Ka2 42. Ra6+ Kb1 43. g3 Rd7+ 44. Ke2 Rd5 45. Rc6 Ka2 46. Rc7 Rb5 47. Rc2 Ka1 0-1

[Event "FB22 2324 SK Lehrte - Hamburger SK II"]
[Site "?"]
[Date "2023.10.14"]
[Round "1.3"]
[White "Wartenberg, Alissa"]
[Black "Michalek, Barbara"]
[Result "1-0"]
[WhiteElo "1731"]
[BlackElo "1892"]
[PlyCount "69"]
[EventDate "2023.??.??"]

1. e4 c5 2. Nf3 Nc6 3. d4 cxd4 4. Nxd4 e6 5. Nc3 a6 6. Be3 Qc7 7. Qd2 Bb4 8. f3 Nge7 9. O-O-O Ne5 10. Nde2 Nc4 11. Qd4 Nxe3 12. Qxe3 Ng6 13. Qd4 Bxc3 14. Nxc3 O-O 15. g3 b5 16. f4 Rd8 17. e5 Bb7 18. Rg1 Rac8 19. Bg2 Ne7 20. Bxb7 Qxb7 21. Ne4 Nf5 22. Qd3 Qc6 23. Rd2 Rc7 24. g4 Ne7 25. Nd6 Nd5 26. f5 Qc5 27. Re1 Nb4 28. Qb3 Nd5 29. a3 b4 30. a4 a5 31. Qh3 Qc6 32. Qh4 Rf8 33. Nb5 Rb7 34. f6 Nc3 35. Qg5 1-0

[Event "FB22 2324 SK Lehrte - Hamburger SK II"]
[Site "?"]
[Date "2023.10.14"]
[Round "1.4"]
[White "Flauss, Jessica"]
[Black "Kotyk, Valeriya"]
[Result "0-1"]
[WhiteElo "1652"]
[BlackElo "1723"]
[PlyCount "86"]
[EventDate "2023.??.??"]

1. e4 e6 2. d4 d5 3. e5 c5 4. c3 Nc6 5. Nf3 Qb6 6. Be2 Nge7 7. dxc5 Qc7 8. Bb5 Bd7 9. Bxc6 Nxc6 10. b4 Nxe5 11. O-O Ng6 12. Re1 Be7 13. Be3 O-O 14. Qc2 b6 15. cxb6 axb6 16. Nbd2 Bxb4 17. Rec1 Bc5 18. Nf1 Bb5 19. Qd2 Bc4 20. Nd4 Rfc8 21. a4 Qd7 22. Qc2 Ne5 23. Nb3 Bd3 24. Nxc5 bxc5 25. Qd1 Bxf1 26. Kxf1 Nc4 27. Bf4 Na5 28. Ra2 c4 29. Rcc2 Nb3 30. Qb1 Ra5 31. Ra3 Rca8 32. Rca2 h6 33. Qb2 Rxa4 34. h3 Rxa3 35. Rxa3 Rxa3 36. Qxa3 f6 37. g4 Kh7 38. Qa2 Nc5 39. Qb1+ Nd3 40. Be3 Qd6 41. Kg2 Qe5 42. Bd4 Qe4+ 43. Kg1 Nxf2 0-1

[Event "FB22 2324 SK Lehrte - Hamburger SK II"]
[Site "?"]
[Date "2023.10.14"]
[Round "1.5"]
[White "Garbere, Diana"]
[Black "Dismer, Claudia"]
[Result "1-0"]
[WhiteElo "1619"]
[BlackElo "1491"]
[PlyCount "79"]
[EventDate "2023.??.??"]

1. e4 c5 2. Nf3 Nc6 3. d4 cxd4 4. Nxd4 e5 5. Nxc6 bxc6 6. Bc4 Bc5 7. Nc3 Ne7 8. Qh5 Ng6 9. O-O O-O 10. Bg5 Be7 11. Be3 Rb8 12. Bb3 a5 13. f4 exf4 14. Bxf4 Nxf4 15. Rxf4 g6 16. Qf3 Bc5+ 17. Kh1 Qe7 18. Rf1 Rxb3 19. axb3 Ba6 20. Rd1 Re8 21. Qg4 Bc8 22. h4 h5 23. Qf3 Bd6 24. Rxd6 Qxd6 25. Rxf7 Qe6 26. Rf6 Qg4 27. Qxg4 hxg4 28. Rxg6+ Kh7 29. Rxg4 Rf8 30. Kg1 Ba6 31. g3 Rf1+ 32. Kg2 Rc1 33. Rf4 Rxc2+ 34. Rf2 Rc1 35. Na4 Kg6 36. Rf5 d5 37. Rg5+ Kh6 38. exd5 cxd5 39. Re5 d4 40. Re6+ 1-0

[Event "FB22 2324 SK Lehrte - Hamburger SK II"]
[Site "?"]
[Date "2023.10.14"]
[Round "1.6"]
[White "Stelter, Finja"]
[Black "Kraft, Cynthia Yumi"]
[Result "1-0"]
[WhiteElo "1265"]
[BlackElo "1459"]
[PlyCount "75"]
[EventDate "2023.??.??"]

1. e4 c5 2. Nf3 d6 3. d4 cxd4 4. Nxd4 Nf6 5. Nc3 a6 6. Be3 e5 7. Nf3 Be7 8. Be2 O-O 9. O-O b5 10. Qd3 Bb7 11. a3 Qc7 12. Rac1 Nbd7 13. Nd2 Rac8 14. Bf3 Rfd8 15. Nd5 Nxd5 16. exd5 Nf6 17. c4 Qd7 18. b3 h6 19. Ne4 bxc4 20. bxc4 Qa4 21. Nxf6+ Bxf6 22. Bg4 Ra8 23. f4 Bc8 24. fxe5 Bxe5 25. Bh5 Rf8 26. Bf4 Bxf4 27. Rxf4 Qa5 28. Rcf1 Qc5+ 29. Kh1 Ra7 30. Qg3 Re7 31. Bg4 Re3 32. Qf2 Bxg4 33. Rxg4 Qxa3 34. Qf6 Qc3 35. Rxg7+ Kh8 36. Rg6+ Kh7 37. Rxh6+ Kg8 38. Rh8# 1-0

[Event "FB22 2324 SV Sterkrade-Nord - SV Medizin"]
[Site "?"]
[Date "2023.10.15"]
[Round "2.5"]
[White "Umpfenbach, Carolin"]
[Black "Hiebsch, Catalina"]
[Result "1-0"]
[WhiteElo "2036"]
[BlackElo "1821"]
[PlyCount "77"]
[EventDate "2023.??.??"]

1. d4 f5 2. c4 Nf6 3. Nf3 e6 4. Nc3 d6 5. g3 Nc6 6. Bg2 Be7 7. O-O O-O 8. Ne1 e5 9. d5 Nb8 10. e4 f4 11. Nd3 g5 12. f3 Nbd7 13. Bh3 Nh5 14. Be6+ Kh8 15. g4 Ng7 16. Bf5 h5 17. h3 Bf6 18. Qe2 h4 19. Rb1 Nxf5 20. exf5 Nb6 21. Nf2 c6 22. Nfe4 cxd5 23. cxd5 a6 24. b3 Qc7 25. Ba3 Re8 26. Rbc1 Be7 27. Rfd1 Nd7 28. Kg2 Nf6 29. Nxg5 Kg7 30. Nge4 Qa5 31. Bb2 b5 32. Nxf6 Bxf6 33. Ne4 Bb7 34. g5 Bxg5 35. Nxg5 Kf6 36. Ne4+ Kxf5 37. Qd3 Rg8+ 38. Kh2 Qb6 39. Nxd6+ 1-0

[Event "FB22 2324 SV Sterkrade-Nord - SV Medizin"]
[Site "Erfurt, Germany"]
[Date "2023.10.15"]
[Round "2.1"]
[White "Nguyen, Ha Thanh"]
[Black "Kuckling, Hannah"]
[Result "0-1"]
[WhiteElo "1967"]
[BlackElo "2068"]
[PlyCount "92"]
[EventDate "2023.??.??"]

1. e4 c5 2. Nf3 e6 3. d4 cxd4 4. Nxd4 Nc6 5. Nc3 Qc7 6. Be3 a6 7. Qd2 Nf6 8. f3 Bb4 9. O-O-O Ne7 10. Kb1 Bxc3 11. Qxc3 Qxc3 12. bxc3 d5 13. exd5 Nexd5 14. Bd2 Bd7 15. c4 Nb6 16. Ba5 Na4 17. Re1 O-O 18. Nb3 Rfc8 19. Bd3 b6 20. Bd2 Bc6 21. Re5 Bb7 22. Rhe1 Ne8 23. Rh5 Nf6 24. Rh4 h6 25. Kc1 a5 26. Rd4 Ba6 27. g4 Nc5 28. Nxc5 Rxc5 29. h4 Rac8 30. g5 hxg5 31. hxg5 Nh7 32. g6 Nf6 33. gxf7+ Kxf7 34. Be3 Bxc4 35. Bxc4 Rxc4 36. Rxc4 Rxc4 37. Bxb6 Ra4 38. Re5 Nd7 39. Rxa5 Nxb6 40. Rxa4 Nxa4 41. Kd2 Kf6 42. Kd3 Kf5 43. c4 Kf4 44. a3 Kxf3 45. Kd4 g5 46. c5 Nxc5 0-1

[Event "FB22 2324 SV Sterkrade-Nord - SV Medizin"]
[Site "Erfurt, Germany"]
[Date "2023.10.15"]
[Round "2.3"]
[White "Müller-Ludwig, Kristin"]
[Black "Bork, Sophie"]
[Result "1/2-1/2"]
[WhiteElo "2000"]
[BlackElo "1815"]
[PlyCount "79"]
[EventDate "2023.??.??"]

1. e4 e5 2. Nf3 Nc6 3. Bb5 f5 4. Nc3 fxe4 5. Nxe4 Nf6 6. Qe2 Qe7 7. O-O d5 8. Nxf6+ gxf6 9. d4 e4 10. Nh4 Bd7 11. c3 O-O-O 12. Qh5 Qe6 13. Be3 Be7 14. f3 f5 15. fxe4 Bxh4 16. Qxh4 fxe4 17. Rf6 Qg4 18. Qf2 h5 19. Be2 Qg7 20. Rf7 Qg6 21. Rf1 Rdg8 22. Kh1 Nd8 23. Rf6 Qg7 24. h4 Bg4 25. Bg5 Qd7 26. Bxg4 hxg4 27. Qf5 c6 28. Kg1 Qxf5 29. R1xf5 g3 30. Rf4 Re8 31. Rg4 Ne6 32. Be3 Rh5 33. Kf1 Kd7 34. Ke2 Re7 35. Bg5 Nxg5 36. hxg5 Rg7 37. Rxg3 Rhxg5 38. Rf7+ Rxf7 39. Rxg5 Ke7 40. c4 1/2-1/2

[Event "FB22 2324 SV Sterkrade-Nord - SV Medizin"]
[Site "Erfurt, Germany"]
[Date "2023.10.15"]
[Round "2.2"]
[White "Plass, Mariana-Camelia"]
[Black "Pfau, Beate"]
[Result "1/2-1/2"]
[WhiteElo "2019"]
[BlackElo "1987"]
[PlyCount "56"]
[EventDate "2023.??.??"]

1. d4 d5 2. c4 dxc4 3. e3 Nf6 4. Bxc4 e6 5. Nf3 a6 6. Nc3 b5 7. Bd3 c5 8. dxc5 Bxc5 9. O-O Bb7 10. a3 O-O 11. b4 Bd6 12. Bb2 Qe7 13. Nd4 Nbd7 14. f4 Rac8 15. Qe2 Bb8 16. a4 Bd6 17. axb5 axb5 18. Ncxb5 Bxb4 19. Na7 Rc5 20. Rac1 Rxc1 21. Rxc1 Nb8 22. Nac6 Nxc6 23. Nxc6 Bxc6 24. Rxc6 Nd5 25. Qh5 f5 26. Qf3 Bc5 27. Bd4 Bxd4 28. exd4 Nb4 1/2-1/2

[Event "FB22 2324 SV Sterkrade-Nord - SV Medizin"]
[Site "Erfurt, Germany"]
[Date "2023.10.15"]
[Round "2.4"]
[White "Walker, Julia"]
[Black "Anisheva, Varvara"]
[Result "0-1"]
[WhiteElo "1802"]
[BlackElo "2095"]
[PlyCount "130"]
[EventDate "2023.??.??"]

1. e4 c5 2. c3 Nf6 3. e5 Nd5 4. d4 cxd4 5. Nf3 e6 6. cxd4 d6 7. a3 Nc6 8. Bd3 dxe5 9. dxe5 Qc7 10. Qe2 Nxe5 11. Bb5+ Bd7 12. Bxd7+ Nxd7 13. O-O Be7 14. Rd1 O-O 15. Ng5 Qe5 16. Ne4 Nc5 17. Nbc3 Nxc3 18. Nxc3 Qxe2 19. Nxe2 Bf6 20. Rb1 Rac8 21. Be3 b6 22. Bd4 e5 23. Bc3 Na4 24. Bb4 Rfd8 25. b3 Nb2 26. Rxd8+ Rxd8 27. Rc1 Nd3 28. Rd1 Nxb4 29. Rxd8+ Bxd8 30. axb4 a6 31. b5 a5 32. Nc3 f6 33. Kf1 Kf7 34. Ke2 Ke6 35. Kd3 Be7 36. f3 Bb4 37. Ne4 Kd5 38. g4 Be7 39. h3 g6 40. Kc3 f5 41. gxf5 gxf5 42. Ng3 e4 43. Nxf5 Bb4+ 44. Kc2 exf3 45. Kd3 Bc5 46. h4 Ke5 47. Ng3 Kf4 48. Ne4 f2 49. Nd2 Bb4 50. Nf1 Kf3 51. h5 h6 52. Ne3 Bc5 53. Nf1 Kf4 54. Nd2 Kg5 55. Ke4 Kxh5 56. Kf5 Bd6 57. Nf1 Kh4 58. Ke4 Kg4 59. Ke3 Bc5+ 60. Ke2 Kf4 61. Nd2 h5 62. Kf1 Ke3 63. Nc4+ Kd3 64. Ne5+ Kc3 65. Nd7 Bd4 0-1